000 00323nam a2200121Ia 4500
008 190722s9999 xx 000 0 und d
020 _a978-81-207-7742-2
100 _aBiswanath Ghosh
245 0 _aCompensation & Reward Management
260 _aNew Delhi
_bSterling Publishers (Pvt.) Ltd.
_c2012
300 _a229
942 _cBK
999 _c418
_d418